Sports Quiz

Random Sports or Country Quiz

Top Five Countries in the Winter Olympics Quiz Stats

 Plays Quiz Updated Jan 12, 2019

Support Sporcle.
Go Orange.
Score 0/75 Timer 02:00
0 Plays Today
% Correct
United States
98.8%
United States
98.8%
United States
98.8%
United States
98.8%
United States
98.8%
United States
98.8%
United States
98.8%
United States
98.8%
United States
98.8%
Canada
96%
Canada
96%
Canada
96%
Canada
96%
Canada
96%
Canada
96%
Russia
95.2%
Russia
95.2%
Canada
95%
Sweden
94.9%
Sweden
94.9%
Sweden
94.9%
Norway
94.5%
Norway
94.5%
Norway
94.5%
Norway
94.5%
Norway
94.5%
Norway
94.5%
Norway
93.8%
Germany
93.1%
Germany
93.1%
Germany
93.1%
Germany
93.1%
Germany
93.1%
Russia
92.7%
Finland
90.8%
Finland
90.8%
Finland
90.8%
Finland
90.8%
% Correct
France
89.6%
France
89.6%
France
89.7%
Switzerland
86.3%
Switzerland
86.3%
Switzerland
86.3%
Switzerland
86.3%
Switzerland
86.3%
Austria
85.6%
China
84.7%
Italy
84.1%
Italy
84.1%
Italy
84.1%
Italy
84.1%
Italy
84.1%
Japan
83.9%
Great Britain
83.2%
Great Britain
83.2%
Austria
83%
Austria
83%
Austria
83%
Austria
83%
Austria
83%
Germany
82.2%
China
81.2%
France
79.7%
Netherlands
70%
South Korea
67.8%
Soviet Union
60.4%
Soviet Union
60.4%
Soviet Union
60.4%
Soviet Union
60.4%
Soviet Union
60.4%
East Germany
42.9%
East Germany
42.9%
East Germany
42.9%
West Germany
39.6%

From the Vault

Find the UN Secretary-General

by geronimostilton

History 2m
It seems almost like having a really cool name is a prerequisite for being UN Secretary-General.
Remove Ads.
Support Sporcle.
Get the best of Sporcle when you Go Orange. This ad-free experience offers more features, more stats, and more fun while also helping to support Sporcle. Thank you for becoming a member.

Show Comments

Extras

Top Quizzes Today


Score Distribution

Your Account Isn't Verified!

In order to create a playlist on Sporcle, you need to verify the email address you used during registration. Go to your Sporcle Settings to finish the process.

Report this User

Report this user for behavior that violates our Community Guidelines.

Details: